Ứng dụng triết học nho giáo trong việc giáo dục đạo đức, lối sống thế hệ trẻ em VN hiện nay /
Tong quan ve sự h・nh thanh va phat trien cua học thuyet Nho giao,Nhưng tư tương tien bo cua hoc thuyet Nho giao va giao dục con ngươi.Thưc trạng ve đạo đức ,loi songcua giơi tre Viet nam hien nay.Uưng dụng của triet hoc Nho giao trong viec giao dục đao đức,loi song cho the he tre hien nay....
Enregistré dans:
| Auteur principal: | |
|---|---|
| Autres auteurs: | |
| Format: | Thèse |
| Langue: | Vietnamese |
| Publié: |
ĐHĐN - Trương ĐH ngoai ngữ,
2013.
|
| Sujets: | |
| Tags: |
Ajouter un tag
Pas de tags, Soyez le premier à ajouter un tag!
|
| Thư viện lưu trữ: | Mạng thư viện Đại học Đà Nẵng |
|---|
| LEADER | 01750na a2200373 4500 | ||
|---|---|---|---|
| 001 | 000031301 | ||
| 003 | 5940 | ||
| 005 | 20230406153218.0 | ||
| 008 | 151001s2013 000 vie | ||
| 040 | |a LNN | ||
| 041 | |a vie | ||
| 082 | |a 959.737 |b NG-N | ||
| 100 | |a Nguyễn Hương Nhi | ||
| 245 | 0 | |a Ứng dụng triết học nho giáo trong việc giáo dục đạo đức, lối sống thế hệ trẻ em VN hiện nay / |c Nguyễn Hương Nhi. | |
| 246 | |a Luan văn tot nghiep | ||
| 260 | |b ĐHĐN - Trương ĐH ngoai ngữ, |c 2013. | ||
| 300 | |a 30cm : |b 74 tr;. | ||
| 502 | |a Luan văn sinh vien | ||
| 505 | |a Chuyen nghanh Quoc te hoc | ||
| 520 | |a Tong quan ve sự h・nh thanh va phat trien cua học thuyet Nho giao,Nhưng tư tương tien bo cua hoc thuyet Nho giao va giao dục con ngươi.Thưc trạng ve đạo đức ,loi songcua giơi tre Viet nam hien nay.Uưng dụng của triet hoc Nho giao trong viec giao dục đao đức,loi song cho the he tre hien nay. | ||
| 650 | |a Triet hoc nho giao |b Đao đưc,loi song |c Viet nam | ||
| 653 | |a Nguyễn Hương Nhi, 2013, giáo dục, nho giáo, khổng tử, VN, đạo đức, lối sống | ||
| 700 | |a Ho Vu Khue Ngoc |b Th,S |c huong dan | ||
| 852 | |b Luận văn tot nghiep |c Khoa Quoc te hoc | ||
| OWN | |a LNN | ||
| AVA | |a UDN50 |b LNN |d 959.737 NG-N |e available |t Error 5001 Not defined in file expand_doc_bib_avail. |f 3 |g 0 |h N |i 0 | ||
| 999 | |a From the UDN01 | ||
| AVA | |a UDN50 |b LNN |d 959.737 NG-N |e available |t Error 5001 Not defined in file expand_doc_bib_avail. |f 3 |g 0 |h N |i 0 | ||
| TYP | |a Dissertation | ||
| TYP | |a Printed language | ||
| 980 | |a Mạng thư viện Đại học Đà Nẵng | ||